General view of the agriculture of the Hebrides, or Western Isles of Scotland (Record no. 113601)
[ view plain ]
| 000 -LEADER | |
|---|---|
| fixed length control field | 00611cam a22001815a 4500 |
| 001 - CONTROL NUMBER | |
| control field | L155489 |
| 008 - FIXED-LENGTH DATA ELEMENTS--GENERAL INFORMATION | |
| fixed length control field | 120326s1811 xxk f 000 0 eng d |
| 035 ## - SYSTEM CONTROL NUMBER | |
| System control number | (Sirsi) u155489 |
| 041 0# - LANGUAGE CODE | |
| Language code of text/sound track or separate title | eng |
| 100 1# - MAIN ENTRY--PERSONAL NAME | |
| Personal name | MacDonald, James |
| 245 00 - TITLE STATEMENT | |
| Title | General view of the agriculture of the Hebrides, or Western Isles of Scotland |
| Remainder of title | with observations on the means of their improvement |
| 260 ## - PUBLICATION, DISTRIBUTION, ETC. | |
| Place of publication, distribution, etc. | Edinburgh |
| Name of publisher, distributor, etc. | Printed for Sir Richard Phillips |
| Date of publication, distribution, etc. | 1811 |
| 300 ## - PHYSICAL DESCRIPTION | |
| Extent | vii, 824 p. |
| Dimensions | 22 cm. |
| 583 ## - ACTION NOTE | |
| Action | Condition reviewed |
| Time/date of action | 20120620 |
| Status | condition level 3 |
| 651 #4 - SUBJECT ADDED ENTRY--GEOGRAPHIC NAME | |
| Geographic name | Great Britain |
| Chronological subdivision | 1707- |
| 690 ## - LOCAL SUBJECT ADDED ENTRY--TOPICAL TERM (OCLC, RLIN) | |
| Topical term or geographic name as entry element | Rural |
| 9 (RLIN) | 6268 |
| 942 ## - ADDED ENTRY ELEMENTS (KOHA) | |
| Suppress in OPAC | 0 |
| Withdrawn status | Lost status | Damaged status | Not for loan | Home library | Current library | Shelving location | Date acquired | Total Checkouts | Full call number | Barcode | Date last seen | Copy number | Price effective from | Koha item type |
|---|---|---|---|---|---|---|---|---|---|---|---|---|---|---|
| Historic collection | Historic collection | Historic collection | 26/03/2012 | REGIONAL OCTAVO 1811 MACDONALD | 30077232 | 20/08/2025 | 1 | 06/08/2019 | Book |